000 00443 a2200145 4500
005 20250623063659.0
020 _a978-81-8128-894-3
082 _aLM 729 COM
245 _aCommunication Acoustics
260 _aNew York,
_bSpringer,
_c2005.
300 _axiv, 379p.: ill.; figure, picture, table.
_bIndex, references.
_c23cm.
700 _aBLAUERT, J.
856 _yAccess online book
_fCommunication Acoustics
_dwww.Springer.com
942 _2ddc
_cBKS
999 _c4326
_d4326